Martin Heidegger filozófiájának alapkérdései
Elmentve itt :
| Szerző: | |
|---|---|
| Adatforrás: | Philobibl |
| Dokumentumtípus: | Könyv |
| Nyelv: | magyar |
| Kulcsszavak: | filozófia, német Heidegger |
| Megjelent: |
Bp.
Gondolat K.
1976
|
| LEADER | 00363nam a2200133 c 4500 | ||
|---|---|---|---|
| 001 | bibPHI0033685 | ||
| 005 | 20200924123230.3 | ||
| 008 | 090127s1976 hu hun | ||
| 100 | 1 | |a Suki Béla | |
| 245 | 1 | 0 | |a Martin Heidegger filozófiájának alapkérdései |c Suki Béla |
| 260 | |a Bp. |b Gondolat K. |c 1976 | ||
| 300 | |a 365 p. | ||
| 695 | |a filozófia, német | ||
| 695 | |a Heidegger | ||